[Event "VII Obert Internacional Alberic"]
[Site "Alberic, Spain"]
[Date "2019.06.29"]
[Round "1.1"]
[White "Cruz Lledo, Pablo"]
[Black "Maronda Escriva, Ivan"]
[Result "1-0"]
[WhiteElo "2442"]
[BlackElo "1798"]
[PlyCount "59"]
[EventDate "2019.??.??"]

1. d4 {[%clk 00:07:01]  [%emt 00:00:38]} 1... d5 {[%clk 00:07:04]} 2. c4 {
[%clk 00:07:00]} 2... c6 {[%clk 00:07:04]} 3. Nf3 {
[%clk 00:06:57]  [%emt 00:00:03]} 3... Nf6 {[%clk 00:07:05]} 4. Nc3 {
[%clk 00:06:58]} 4... a6 {[%clk 00:07:05]} 5. c5 {[%clk 00:06:57]} 5... Bf5 {
[%clk 00:06:13]  [%emt 00:00:46]} 6. Bf4 {[%clk 00:06:45]  [%emt 00:00:40]}
6... Nbd7 {[%clk 00:05:58]} 7. e3 {[%clk 00:06:29]  [%emt 00:00:14]} 7... Ne4 {
[%clk 00:05:37]  [%emt 00:00:34]} 8. Be2 {[%clk 00:06:18]  [%emt 00:00:03]}
8... Nxc3 {[%clk 00:04:22]  [%emt 00:01:18]} 9. bxc3 {
[%clk 00:06:16]  [%emt 00:00:15]} 9... Nf6 {[%clk 00:04:10]  [%emt 00:00:04]}
10. O-O {[%clk 00:06:06]  [%emt 00:00:30]} 10... Ne4 {
[%clk 00:03:59]  [%emt 00:00:06]} 11. Qb3 {[%clk 00:06:05]} 11... Ra7 {
[%clk 00:03:10]  [%emt 00:00:48]} 12. Nh4 {[%clk 00:05:24]} 12... Bg6 {
[%clk 00:02:42]  [%emt 00:01:18]} 13. Qb2 {[%clk 00:04:53]} 13... e6 {
[%clk 00:02:33]  [%emt 00:00:42]} 14. Nxg6 {[%clk 00:04:52]} 14... hxg6 {
[%clk 00:02:35]  [%emt 00:00:06]} 15. f3 {[%clk 00:04:51]  [%emt 00:00:37]}
15... Nf6 {[%clk 00:02:13]} 16. g4 {[%clk 00:04:03]  [%emt 00:00:41]} 16... Nd7
{[%clk 00:02:14]  [%emt 00:00:07]} 17. Bg3 {[%clk 00:03:52]  [%emt 00:00:09]}
17... Be7 {[%clk 00:02:04]  [%emt 00:00:33]} 18. Kg2 {[%clk 00:03:45]} 18...
Bh4 {[%clk 00:01:56]  [%emt 00:00:07]} 19. f4 {[%clk 00:03:15]} 19... Bxg3 {
[%clk 00:01:50]  [%emt 00:00:52]} 20. hxg3 {[%clk 00:03:16]} 20... Nf6 {
[%clk 00:01:31]  [%emt 00:00:13]} 21. Bf3 {[%clk 00:03:10]  [%emt 00:00:09]}
21... Qc7 {[%clk 00:01:09]  [%emt 00:00:21]} 22. Rh1 {
[%clk 00:03:00]  [%emt 00:00:18]} 22... Rxh1 {[%clk 00:01:07]  [%emt 00:00:08]}
23. Rxh1 {[%clk 00:02:58]  [%emt 00:00:03]} 23... a5 {
[%clk 00:00:23]  [%emt 00:00:42]} 24. g5 {[%clk 00:02:39]  [%emt 00:00:21]}
24... Nd7 {[%clk 00:00:10]  [%emt 00:00:39]} 25. e4 {[%clk 00:02:31]} 25... b6
{[%clk 00:00:06]  [%emt 00:00:03]} 26. exd5 {[%clk 00:02:28]  [%emt 00:00:04]}
26... cxd5 {[%clk 00:00:08]} 27. Rh8+ {[%clk 00:02:16]  [%emt 00:00:16]} 27...
Ke7 {[%clk 00:00:10]} 28. cxb6 {[%clk 00:02:17]  [%emt 00:00:15]} 28... Qxb6 {
[%clk 00:00:12]} 29. Qa3+ {[%clk 00:02:17]} 29... Qd6 {[%clk 00:00:13]} 30.
Re8+ {[%clk 00:02:06]  [%emt 00:00:09]} 1-0

[Event "VII Obert Internacional Alberic"]
[Site "Alberic, Spain"]
[Date "2019.06.29"]
[Round "1.2"]
[White "Ferrero Sanchis, Enrique"]
[Black "Plaskett, H James"]
[Result "0-1"]
[WhiteElo "1782"]
[BlackElo "2417"]
[PlyCount "66"]
[EventDate "2019.??.??"]

1. d4 {[%clk 00:07:03]  [%emt 00:02:39]} 1... Nf6 {
[%clk 00:06:16]  [%emt 00:00:52]} 2. Bf4 {[%clk 00:07:04]} 2... d5 {
[%clk 00:06:18]  [%emt 00:00:06]} 3. Nf3 {[%clk 00:07:05]  [%emt 00:00:05]}
3... e6 {[%clk 00:06:18]} 4. e3 {[%clk 00:07:06]} 4... a6 {
[%clk 00:06:19]  [%emt 00:00:05]} 5. Nbd2 {[%clk 00:07:06]  [%emt 00:00:07]}
5... c5 {[%clk 00:06:21]} 6. c3 {[%clk 00:07:07]} 6... Nc6 {[%clk 00:06:23]} 7.
Ne5 {[%clk 00:07:06]  [%emt 00:00:05]} 7... Bd6 {
[%clk 00:06:22]  [%emt 00:00:05]} 8. Ndf3 {[%clk 00:07:06]} 8... Qc7 {
[%clk 00:05:59]  [%emt 00:00:34]} 9. Qc2 {[%clk 00:06:59]  [%emt 00:01:00]}
9... Nh5 {[%clk 00:05:50]  [%emt 00:01:18]} 10. Bd3 {[%clk 00:06:44]} 10...
cxd4 {[%clk 00:05:30]} 11. cxd4 {[%clk 00:06:38]} 11... Nxf4 {[%clk 00:05:28]}
12. exf4 {[%clk 00:06:37]  [%emt 00:00:05]} 12... Qa5+ {[%clk 00:05:01]} 13.
Ke2 {[%clk 00:06:17]} 13... Nb4 {[%clk 00:04:50]} 14. Qd2 {
[%clk 00:05:54]  [%emt 00:00:20]} 14... Qb6 {[%clk 00:04:31]  [%emt 00:00:21]}
15. a3 {[%clk 00:05:43]  [%emt 00:00:20]} 15... Nxd3 {
[%clk 00:04:26]  [%emt 00:00:06]} 16. Nxd3 {[%clk 00:05:42]  [%emt 00:00:04]}
16... Bd7 {[%clk 00:04:15]  [%emt 00:00:11]} 17. g3 {
[%clk 00:05:32]  [%emt 00:00:13]} 17... Bb5 {[%clk 00:04:03]  [%emt 00:00:15]}
18. Rhc1 {[%clk 00:05:27]  [%emt 00:00:08]} 18... f6 {
[%clk 00:03:56]  [%emt 00:00:09]} 19. Kf1 {[%clk 00:05:11]  [%emt 00:00:23]}
19... O-O {[%clk 00:03:36]  [%emt 00:00:20]} 20. b4 {
[%clk 00:05:09]  [%emt 00:00:05]} 20... a5 {[%clk 00:03:33]  [%emt 00:00:07]}
21. Kg2 {[%clk 00:05:08]  [%emt 00:00:06]} 21... Bxd3 {
[%clk 00:02:10]  [%emt 00:01:24]} 22. Qxd3 {[%clk 00:05:09]} 22... axb4 {
[%clk 00:02:12]  [%emt 00:00:06]} 23. axb4 {[%clk 00:05:01]  [%emt 00:00:10]}
23... Rxa1 {[%clk 00:02:11]  [%emt 00:00:04]} 24. Rxa1 {[%clk 00:05:03]} 24...
Bxb4 {[%clk 00:02:11]  [%emt 00:00:06]} 25. Rb1 {
[%clk 00:04:41]  [%emt 00:00:20]} 25... Rc8 {[%clk 00:02:05]  [%emt 00:00:09]}
26. Qb3 {[%clk 00:04:32]  [%emt 00:00:12]} 26... Rc4 {
[%clk 00:02:05]  [%emt 00:00:05]} 27. Ne1 {[%clk 00:04:26]  [%emt 00:00:07]}
27... Qxd4 {[%clk 00:01:57]  [%emt 00:00:11]} 28. Nc2 {
[%clk 00:04:23]  [%emt 00:00:07]} 28... Qe4+ {[%clk 00:01:59]} 29. Kg1 {
[%clk 00:04:13]  [%emt 00:00:14]} 29... Rxc2 {[%clk 00:01:59]  [%emt 00:00:07]}
30. Qxb4 {[%clk 00:04:13]} 30... Rc1+ {[%clk 00:02:00]  [%emt 00:00:05]} 31.
Rxc1 {[%clk 00:04:11]} 31... Qxb4 {[%clk 00:02:02]} 32. Rc8+ {
[%clk 00:04:13]  [%emt 00:00:08]} 32... Qf8 {[%clk 00:02:04]} 33. Rxf8+ {
[%clk 00:04:14]} 33... Kxf8 {[%clk 00:02:06]} 0-1

[Event "VII Obert Internacional Alberic"]
[Site "Alberic, Spain"]
[Date "2019.06.29"]
[Round "1.3"]
[White "Diaz Velandia, Jose Manuel"]
[Black "Minguez Piquer, Ximo"]
[Result "1-0"]
[WhiteElo "2372"]
[BlackElo "1780"]
[PlyCount "71"]
[EventDate "2019.??.??"]

1. d4 {[%clk 00:07:04]  [%emt 00:00:20]} 1... Nf6 {[%clk 00:07:04]} 2. Nf3 {
[%clk 00:07:06]} 2... d5 {[%clk 00:07:03]  [%emt 00:00:06]} 3. e3 {
[%clk 00:07:07]} 3... Bf5 {[%clk 00:07:03]} 4. c4 {[%clk 00:07:09]} 4... e6 {
[%clk 00:06:56]} 5. Nc3 {[%clk 00:07:11]  [%emt 00:00:08]} 5... c6 {
[%clk 00:06:44]  [%emt 00:00:50]} 6. Qb3 {[%clk 00:07:11]} 6... Qb6 {
[%clk 00:06:10]} 7. c5 {[%clk 00:07:13]  [%emt 00:00:17]} 7... Qxb3 {
[%clk 00:06:07]  [%emt 00:00:08]} 8. axb3 {[%clk 00:07:14]} 8... Be7 {
[%clk 00:06:00]} 9. b4 {[%clk 00:07:16]} 9... O-O {
[%clk 00:05:56]  [%emt 00:00:17]} 10. b5 {[%clk 00:07:17]} 10... Nbd7 {
[%clk 00:05:46]  [%emt 00:00:07]} 11. b4 {[%clk 00:07:14]} 11... Ne4 {
[%clk 00:05:44]  [%emt 00:00:08]} 12. Bb2 {[%clk 00:07:14]  [%emt 00:00:15]}
12... Ndf6 {[%clk 00:05:34]} 13. Nd1 {[%clk 00:07:09]  [%emt 00:00:11]} 13...
cxb5 {[%clk 00:05:09]  [%emt 00:00:25]} 14. Bxb5 {[%clk 00:07:10]} 14... a6 {
[%clk 00:05:11]} 15. Be2 {[%clk 00:07:11]} 15... Rfc8 {[%clk 00:05:13]} 16. O-O
{[%clk 00:07:13]} 16... Bg4 {[%clk 00:05:09]  [%emt 00:00:12]} 17. h3 {
[%clk 00:07:08]  [%emt 00:00:04]} 17... Bxf3 {[%clk 00:05:07]  [%emt 00:00:35]}
18. gxf3 {[%clk 00:07:06]} 18... Nd2 {[%clk 00:04:55]  [%emt 00:00:04]} 19. Re1
{[%clk 00:07:08]} 19... Nc4 {[%clk 00:04:31]  [%emt 00:00:23]} 20. Bxc4 {
[%clk 00:07:09]} 20... dxc4 {[%clk 00:04:33]} 21. Rc1 {
[%clk 00:07:11]  [%emt 00:00:03]} 21... b5 {[%clk 00:04:32]} 22. Bc3 {
[%clk 00:07:01]  [%emt 00:00:09]} 22... Nd5 {[%clk 00:04:31]  [%emt 00:00:33]}
23. Bd2 {[%clk 00:07:02]} 23... a5 {[%clk 00:04:23]  [%emt 00:00:03]} 24. bxa5
{[%clk 00:07:02]} 24... b4 {[%clk 00:04:26]} 25. e4 {[%clk 00:07:04]} 25... c3
{[%clk 00:04:24]} 26. Be3 {[%clk 00:06:42]  [%emt 00:00:19]} 26... Nxe3 {
[%clk 00:04:09]  [%emt 00:00:24]} 27. Nxe3 {[%clk 00:06:29]  [%emt 00:00:05]}
27... Rxa5 {[%clk 00:04:10]  [%emt 00:00:14]} 28. Rb1 {[%clk 00:06:25]} 28...
Rb5 {[%clk 00:03:53]  [%emt 00:00:17]} 29. Rb3 {
[%clk 00:06:26]  [%emt 00:00:04]} 29... Ra8 {[%clk 00:03:44]  [%emt 00:00:08]}
30. Reb1 {[%clk 00:06:28]} 30... Bg5 {[%clk 00:03:32]  [%emt 00:00:33]} 31. Nc2
{[%clk 00:05:53]  [%emt 00:00:55]} 31... h6 {[%clk 00:02:40]  [%emt 00:00:24]}
32. Rxb4 {[%clk 00:05:21]  [%emt 00:00:43]} 32... Rxb4 {[%emt 00:00:04]} 33.
Rxb4 {[%clk 00:05:22]} 33... Ra2 {[%clk 00:02:34]  [%emt 00:00:03]} 34. c6 {
[%clk 00:05:23]  [%emt 00:00:03]} 34... Bf4 {[%clk 00:02:01]  [%emt 00:00:35]}
35. e5 {[%clk 00:05:22]  [%emt 00:00:04]} 35... Rb2 {
[%clk 00:01:13]  [%emt 00:00:46]} 36. c7 {[%clk 00:05:18]  [%emt 00:00:33]} 1-0

[Event "VII Obert Internacional Alberic"]
[Site "Alberic, Spain"]
[Date "2019.06.29"]
[Round "1.4"]
[White "Vidal Maiques, Jose Antonio"]
[Black "Granero Roca, Antonio"]
[Result "0-1"]
[WhiteElo "1761"]
[BlackElo "2370"]
[PlyCount "38"]
[EventDate "2019.??.??"]

1. e4 {[%clk 00:07:03]  [%emt 00:00:40]} 1... c5 {[%clk 00:07:04]} 2. c3 {
[%clk 00:07:04]} 2... Nf6 {[%clk 00:07:05]} 3. d3 {
[%clk 00:06:21]  [%emt 00:00:17]} 3... Nc6 {[%clk 00:07:03]  [%emt 00:00:10]}
4. Be2 {[%clk 00:06:14]  [%emt 00:00:11]} 4... d6 {[%clk 00:07:03]} 5. f4 {
[%clk 00:06:00]  [%emt 00:00:14]} 5... e6 {[%clk 00:06:57]  [%emt 00:00:41]} 6.
Be3 {[%clk 00:04:59]  [%emt 00:00:31]} 6... Be7 {
[%clk 00:06:55]  [%emt 00:00:33]} 7. Nd2 {[%clk 00:04:47]  [%emt 00:00:03]}
7... O-O {[%clk 00:06:53]} 8. Ngf3 {[%clk 00:04:46]} 8... a6 {
[%clk 00:06:45]  [%emt 00:00:14]} 9. a4 {[%clk 00:04:17]  [%emt 00:00:51]} 9...
Rb8 {[%clk 00:06:45]} 10. O-O {[%clk 00:02:41]  [%emt 00:01:12]} 10... Ng4 {
[%clk 00:06:39]  [%emt 00:00:15]} 11. Nc4 {[%clk 00:02:19]  [%emt 00:00:26]}
11... b5 {[%clk 00:06:27]  [%emt 00:00:14]} 12. Nfd2 {
[%clk 00:02:00]  [%emt 00:00:20]} 12... bxc4 {[%clk 00:05:55]  [%emt 00:00:35]}
13. Bxg4 {[%clk 00:01:58]  [%emt 00:00:05]} 13... cxd3 {
[%clk 00:05:55]  [%emt 00:00:25]} 14. b3 {[%clk 00:01:40]} 14... d5 {
[%clk 00:05:45]  [%emt 00:00:09]} 15. exd5 {[%clk 00:01:18]  [%emt 00:00:25]}
15... exd5 {[%clk 00:05:39]  [%emt 00:00:13]} 16. Bf3 {
[%clk 00:01:06]  [%emt 00:00:11]} 16... d4 {[%clk 00:05:07]  [%emt 00:00:35]}
17. cxd4 {[%clk 00:01:00]  [%emt 00:00:37]} 17... Nxd4 {
[%clk 00:05:06]  [%emt 00:00:08]} 18. Be4 {[%clk 00:00:33]} 18... Nc2 {
[%clk 00:04:46]  [%emt 00:00:22]} 19. Qh5 {[%clk 00:00:18]  [%emt 00:00:18]}
19... g6 {[%clk 00:04:39]  [%emt 00:00:09]} 0-1

[Event "VII Obert Internacional Alberic"]
[Site "Alberic, Spain"]
[Date "2019.06.29"]
[Round "1.5"]
[White "Fenollar Jorda, Manuel"]
[Black "Yuste Valenzuela, Alejandro"]
[Result "1-0"]
[WhiteElo "2345"]
[BlackElo "1741"]
[PlyCount "48"]
[EventDate "2019.??.??"]

1. d4 {[%clk 00:07:04]  [%emt 00:00:06]} 1... Nf6 {
[%clk 00:07:04]  [%emt 00:00:03]} 2. Nf3 {[%clk 00:07:05]} 2... g6 {
[%clk 00:07:05]  [%emt 00:00:03]} 3. c4 {[%clk 00:06:50]  [%emt 00:00:18]} 3...
c5 {[%clk 00:06:49]  [%emt 00:00:18]} 4. d5 {[%clk 00:06:48]  [%emt 00:00:12]}
4... b5 {[%clk 00:06:50]} 5. cxb5 {[%clk 00:06:49]} 5... a6 {[%clk 00:06:52]}
6. bxa6 {[%clk 00:06:30]  [%emt 00:00:17]} 6... Bg7 {
[%clk 00:06:38]  [%emt 00:00:23]} 7. Nc3 {[%clk 00:06:31]} 7... O-O {
[%clk 00:06:36]  [%emt 00:00:04]} 8. e4 {[%clk 00:06:31]  [%emt 00:00:18]} 8...
Qa5 {[%clk 00:06:32]  [%emt 00:00:04]} 9. Bd2 {[%clk 00:06:10]  [%emt 00:00:20]
} 9... Bxa6 {[%clk 00:05:34]  [%emt 00:00:51]} 10. Bxa6 {
[%clk 00:05:37]  [%emt 00:01:00]} 10... Qxa6 {[%clk 00:05:33]  [%emt 00:00:04]}
11. Qe2 {[%clk 00:05:35]} 11... Qb6 {[%clk 00:05:12]  [%emt 00:00:23]} 12. b3 {
[%clk 00:05:05]  [%emt 00:00:24]} 12... d6 {[%clk 00:04:41]  [%emt 00:00:36]}
13. O-O {[%clk 00:05:01]} 13... Nbd7 {[%clk 00:04:30]  [%emt 00:00:13]} 14.
Rac1 {[%clk 00:04:41]  [%emt 00:00:41]} 14... Ne8 {
[%clk 00:03:47]  [%emt 00:00:25]} 15. Na4 {[%clk 00:04:24]  [%emt 00:00:20]}
15... Qb7 {[%clk 00:03:25]  [%emt 00:00:34]} 16. Bc3 {
[%clk 00:04:19]  [%emt 00:00:03]} 16... Bxc3 {[%clk 00:03:05]  [%emt 00:00:20]}
17. Rxc3 {[%clk 00:04:16]  [%emt 00:00:10]} 17... Nc7 {
[%clk 00:02:58]  [%emt 00:00:08]} 18. h4 {[%clk 00:03:13]  [%emt 00:01:04]}
18... Ra6 {[%clk 00:02:20]  [%emt 00:00:52]} 19. h5 {
[%clk 00:02:32]  [%emt 00:00:36]} 19... Rfa8 {[%clk 00:01:41]  [%emt 00:00:40]}
20. Qd2 {[%clk 00:02:32]  [%emt 00:00:10]} 20... Nb6 {
[%clk 00:01:02]  [%emt 00:00:34]} 21. Nxb6 {[%clk 00:02:31]  [%emt 00:00:08]}
21... Qxb6 {[%clk 00:01:03]  [%emt 00:00:03]} 22. Qh6 {
[%clk 00:02:26]  [%emt 00:00:06]} 22... Ne8 {[%clk 00:00:38]  [%emt 00:00:25]}
23. Ng5 {[%clk 00:01:53]  [%emt 00:01:18]} 23... Nf6 {[%clk 00:00:40]} 24. Rf3
{[%clk 00:01:54]} 24... Qd8 {[%clk 00:00:12]  [%emt 00:00:04]} 1-0

[Event "VII Obert Internacional Alberic"]
[Site "Alberic, Spain"]
[Date "2019.06.29"]
[Round "1.7"]
[White "Garcia, Jhoel"]
[Black "Sisternes Morales, Francisco"]
[Result "1-0"]
[WhiteElo "2290"]
[BlackElo "1669"]
[PlyCount "69"]
[EventDate "2019.??.??"]

1. e4 {[%clk 00:07:02]  [%emt 00:00:10]} 1... e5 {[%clk 00:07:05]} 2. Nf3 {
[%clk 00:07:04]} 2... Nc6 {[%clk 00:07:07]} 3. Bb5 {[%clk 00:07:05]} 3... Nf6 {
[%clk 00:07:08]  [%emt 00:00:10]} 4. O-O {[%clk 00:07:03]  [%emt 00:00:06]}
4... d6 {[%clk 00:07:06]} 5. d3 {[%clk 00:06:24]  [%emt 00:00:37]} 5... Bd7 {
[%clk 00:07:07]  [%emt 00:00:14]} 6. c4 {[%clk 00:06:23]} 6... Be7 {
[%clk 00:07:07]} 7. Nc3 {[%clk 00:06:25]} 7... O-O {[%clk 00:07:05]} 8. h3 {
[%clk 00:06:25]  [%emt 00:00:09]} 8... a6 {[%clk 00:07:00]  [%emt 00:00:05]} 9.
Ba4 {[%clk 00:06:27]  [%emt 00:00:08]} 9... Nb8 {
[%clk 00:06:45]  [%emt 00:00:35]} 10. Bc2 {[%clk 00:06:28]} 10... c5 {
[%clk 00:06:40]} 11. Nd5 {[%clk 00:05:54]  [%emt 00:00:20]} 11... Nc6 {
[%clk 00:06:28]  [%emt 00:00:24]} 12. a3 {[%clk 00:05:45]  [%emt 00:00:04]}
12... Qc8 {[%clk 00:06:13]  [%emt 00:00:18]} 13. Nb6 {
[%clk 00:05:42]  [%emt 00:00:09]} 13... Qc7 {[%clk 00:06:12]  [%emt 00:00:07]}
14. Nxa8 {[%clk 00:05:42]  [%emt 00:00:04]} 14... Rxa8 {[%clk 00:06:14]} 15.
Rb1 {[%clk 00:05:44]} 15... b5 {[%clk 00:06:10]  [%emt 00:00:08]} 16. b3 {
[%clk 00:05:43]  [%emt 00:00:07]} 16... b4 {[%clk 00:06:08]} 17. axb4 {
[%clk 00:05:17]  [%emt 00:00:26]} 17... Nxb4 {[%clk 00:06:04]  [%emt 00:00:09]}
18. Bd2 {[%clk 00:05:18]} 18... a5 {[%clk 00:06:06]  [%emt 00:00:44]} 19. Ra1 {
[%clk 00:05:17]} 19... Nxc2 {[%clk 00:06:03]} 20. Qxc2 {[%clk 00:05:18]} 20...
g6 {[%clk 00:05:53]  [%emt 00:00:04]} 21. Ra2 {[%clk 00:05:17]} 21... Qc8 {
[%clk 00:05:20]  [%emt 00:00:16]} 22. Kh2 {[%clk 00:04:46]  [%emt 00:00:34]}
22... Bd8 {[%clk 00:05:19]  [%emt 00:00:29]} 23. Rfa1 {[%clk 00:04:48]} 23...
Be6 {[%clk 00:04:33]  [%emt 00:00:25]} 24. Bxa5 {
[%clk 00:04:44]  [%emt 00:00:12]} 24... Bxa5 {[%clk 00:04:30]  [%emt 00:00:05]}
25. Rxa5 {[%clk 00:04:46]  [%emt 00:00:04]} 25... Rxa5 {[%clk 00:04:32]} 26.
Rxa5 {[%clk 00:04:47]} 26... Kg7 {[%clk 00:04:28]  [%emt 00:00:12]} 27. Qa2 {
[%clk 00:04:41]  [%emt 00:00:04]} 27... Nh5 {[%clk 00:04:27]  [%emt 00:00:04]}
28. Ra8 {[%clk 00:04:36]  [%emt 00:00:09]} 28... Qb7 {
[%clk 00:04:18]  [%emt 00:00:13]} 29. Ra7 {[%clk 00:04:35]} 29... Qb4 {
[%clk 00:04:18]  [%emt 00:00:04]} 30. Ng5 {[%clk 00:04:31]  [%emt 00:00:08]}
30... Kh6 {[%clk 00:03:38]  [%emt 00:00:40]} 31. Nxf7+ {
[%clk 00:04:05]  [%emt 00:00:28]} 31... Bxf7 {[%clk 00:03:38]  [%emt 00:00:09]}
32. Rxf7 {[%clk 00:04:06]  [%emt 00:00:04]} 32... Nf4 {
[%clk 00:02:32]  [%emt 00:01:01]} 33. Qa7 {[%clk 00:04:07]  [%emt 00:00:22]}
33... Qd2 {[%clk 00:02:18]  [%emt 00:00:03]} 34. Rxh7+ {[%clk 00:04:08]} 34...
Kg5 {[%clk 00:02:19]} 35. Qe7# {[%clk 00:04:09]  [%emt 00:00:03]} 1-0

[Event "VII Obert Internacional Alberic"]
[Site "Alberic, Spain"]
[Date "2019.06.29"]
[Round "1.8"]
[White "Chofre Murcia, Adrian"]
[Black "Kovacevic, Slobodan"]
[Result "0-1"]
[WhiteElo "1544"]
[BlackElo "2243"]
[PlyCount "122"]
[EventDate "2019.??.??"]

1. e4 {[%clk 00:07:04]  [%emt 00:00:04]} 1... c5 {
[%clk 00:05:58]  [%emt 00:01:03]} 2. Nf3 {[%clk 00:07:05]  [%emt 00:00:11]}
2... e6 {[%clk 00:05:57]} 3. c3 {[%clk 00:06:52]  [%emt 00:00:14]} 3... Nc6 {
[%clk 00:05:56]  [%emt 00:00:04]} 4. Bb5 {[%clk 00:06:47]  [%emt 00:00:22]}
4... Qb6 {[%clk 00:05:56]} 5. Bxc6 {[%clk 00:06:08]  [%emt 00:00:32]} 5... Qxc6
{[%clk 00:05:57]} 6. d3 {[%clk 00:06:09]  [%emt 00:00:12]} 6... b6 {
[%clk 00:05:50]  [%emt 00:00:03]} 7. O-O {[%clk 00:06:08]  [%emt 00:00:16]}
7... Bb7 {[%clk 00:05:39]  [%emt 00:00:03]} 8. Re1 {
[%clk 00:05:54]  [%emt 00:00:11]} 8... Nf6 {[%clk 00:05:37]  [%emt 00:00:05]}
9. e5 {[%clk 00:05:37]  [%emt 00:00:20]} 9... Nd5 {
[%clk 00:05:36]  [%emt 00:00:32]} 10. c4 {[%clk 00:05:36]  [%emt 00:00:04]}
10... Ne7 {[%clk 00:05:33]} 11. Nc3 {[%clk 00:05:32]} 11... Ng6 {
[%clk 00:05:33]} 12. Ne4 {[%clk 00:05:10]  [%emt 00:00:13]} 12... h6 {
[%clk 00:05:29]  [%emt 00:00:09]} 13. b3 {[%clk 00:04:48]  [%emt 00:00:23]}
13... Be7 {[%clk 00:05:30]  [%emt 00:00:24]} 14. d4 {[%clk 00:04:44]} 14... O-O
{[%clk 00:05:16]  [%emt 00:00:07]} 15. Bb2 {[%clk 00:04:30]  [%emt 00:00:15]}
15... a6 {[%clk 00:05:17]  [%emt 00:00:09]} 16. Qd2 {
[%clk 00:04:24]  [%emt 00:00:09]} 16... Rad8 {[%clk 00:05:06]  [%emt 00:00:10]}
17. Rad1 {[%clk 00:04:19]  [%emt 00:00:08]} 17... cxd4 {[%clk 00:05:07]} 18.
Nxd4 {[%clk 00:04:15]  [%emt 00:00:18]} 18... Qc7 {
[%clk 00:04:53]  [%emt 00:00:03]} 19. Nf3 {[%clk 00:04:10]  [%emt 00:00:34]}
19... Bc6 {[%clk 00:04:26]  [%emt 00:00:07]} 20. Re3 {
[%clk 00:03:40]  [%emt 00:00:29]} 20... Qb7 {[%clk 00:04:02]  [%emt 00:00:36]}
21. Nd6 {[%clk 00:03:35]  [%emt 00:00:08]} 21... Qb8 {
[%clk 00:03:31]  [%emt 00:00:42]} 22. Nd4 {[%clk 00:03:18]  [%emt 00:00:08]}
22... Ba8 {[%clk 00:03:32]} 23. Nf3 {[%clk 00:03:06]  [%emt 00:00:15]} 23...
Qc7 {[%clk 00:03:18]  [%emt 00:00:23]} 24. Rd3 {
[%clk 00:02:27]  [%emt 00:00:34]} 24... Qc6 {[%clk 00:03:11]  [%emt 00:00:35]}
25. Re1 {[%clk 00:01:58]  [%emt 00:00:06]} 25... Bg5 {
[%clk 00:03:10]  [%emt 00:00:07]} 26. Qc2 {[%clk 00:01:27]  [%emt 00:00:52]}
26... Nf4 {[%clk 00:03:11]} 27. Ne4 {[%clk 00:00:54]  [%emt 00:00:42]} 27...
Nxd3 {[%clk 00:02:59]  [%emt 00:00:03]} 28. Qxd3 {[%clk 00:00:55]} 28... Be7 {
[%clk 00:02:58]} 29. Nd4 {[%clk 00:00:56]  [%emt 00:00:04]} 29... Qc7 {
[%clk 00:02:59]} 30. f3 {[%clk 00:00:54]} 30... Qxe5 {
[%clk 00:02:51]  [%emt 00:00:11]} 31. Qd2 {[%clk 00:00:37]  [%emt 00:00:18]}
31... Qc7 {[%clk 00:02:46]  [%emt 00:00:33]} 32. Ne2 {
[%clk 00:00:28]  [%emt 00:00:06]} 32... b5 {[%clk 00:02:39]} 33. Qc3 {
[%clk 00:00:25]} 33... f6 {[%clk 00:02:37]  [%emt 00:00:04]} 34. N2g3 {
[%clk 00:00:21]  [%emt 00:00:06]} 34... Rc8 {[%clk 00:02:38]  [%emt 00:00:03]}
35. Qd2 {[%clk 00:00:15]  [%emt 00:00:07]} 35... Rfe8 {
[%clk 00:02:37]  [%emt 00:00:14]} 36. Nh5 {[%clk 00:00:15]} 36... Bxe4 {
[%clk 00:02:34]} 37. Rxe4 {[%clk 00:00:16]  [%emt 00:00:08]} 37... Qc5+ {
[%clk 00:02:36]} 38. Kh1 {[%clk 00:00:12]  [%emt 00:00:03]} 38... Qxh5 {
[%clk 00:02:38]} 39. Rg4 {[%clk 00:00:12]  [%emt 00:00:15]} 39... Qf7 {
[%clk 00:02:38]} 40. Qxh6 {[%clk 00:00:12]  [%emt 00:00:10]} 40... bxc4 {
[%clk 00:02:31]} 41. Qh3 {[%clk 00:00:07]  [%emt 00:00:08]} 41... c3 {
[%clk 00:02:29]  [%emt 00:00:03]} 42. Rh4 {[%clk 00:00:09]} 42... Qg6 {
[%clk 00:02:31]} 43. Bc1 {[%clk 00:00:06]  [%emt 00:00:03]} 43... Kf7 {
[%clk 00:02:26]  [%emt 00:00:10]} 44. Qg3 {[%clk 00:00:06]  [%emt 00:00:04]}
44... Qxg3 {[%clk 00:02:26]  [%emt 00:00:04]} 45. hxg3 {[%clk 00:00:08]} 45...
d5 {[%clk 00:02:28]} 46. Rg4 {[%clk 00:00:07]  [%emt 00:00:13]} 46... e5 {
[%clk 00:02:29]  [%emt 00:00:04]} 47. Ra4 {[%clk 00:00:09]} 47... Rc6 {
[%clk 00:02:31]} 48. b4 {[%clk 00:00:10]} 48... Rb8 {[%clk 00:02:32]} 49. b5 {
[%clk 00:00:12]} 49... Rxb5 {[%clk 00:02:33]  [%emt 00:00:04]} 50. a3 {
[%clk 00:00:14]} 50... Rb1 {[%clk 00:02:35]} 51. Kh2 {[%clk 00:00:15]} 51...
Rxc1 {[%clk 00:02:36]} 52. Rh4 {[%clk 00:00:14]  [%emt 00:00:04]} 52... c2 {
[%clk 00:02:36]  [%emt 00:00:07]} 53. Kh3 {[%clk 00:00:13]  [%emt 00:00:07]}
53... Rb6 {[%clk 00:02:37]} 54. Kg4 {[%clk 00:00:13]} 54... Bxa3 {
[%clk 00:02:36]  [%emt 00:00:06]} 55. Kf5 {[%clk 00:00:14]  [%emt 00:00:08]}
55... g6+ {[%clk 00:02:36]} 56. Kg4 {[%clk 00:00:16]} 56... f5+ {
[%clk 00:02:38]} 57. Kg5 {[%clk 00:00:18]} 57... Be7+ {[%clk 00:02:40]} 58. Kh6
{[%clk 00:00:16]  [%emt 00:00:12]} 58... g5+ {[%clk 00:02:41]} 59. Kh7 {
[%clk 00:00:14]  [%emt 00:00:57]} 59... gxh4 {[%clk 00:03:37]  [%emt 00:00:03]}
60. g4 {[%clk 00:00:16]  [%emt 00:00:03]} 60... fxg4 {
[%clk 00:03:35]  [%emt 00:00:12]} 61. fxg4 {[%clk 00:00:16]} 61... Bg5 {
[%clk 00:03:35]} 0-1